Pokémon from Kalos (#650 - #721) - Picture Quiz - Statistics

General Stats
  • This quiz has been taken 20 times
  • The average score is 39 of 72
Answer Stats
# Sprite Typing Answer % Correct
650 Chespin
93%
661 Fletchling
93%
658 Greninja
93%
659 Bunnelby
87%
656 Froakie
87%
655 Delphox
80%
653 Fennekin
80%
660 Diggersby
73%
657 Frogadier
73%
651     Quilladin
73%
700 Sylveon
73%
652 Chesnaught
67%
669       Flabébé
67%
662 Fletchinder
67%
694     Helioptile
67%
686 Inkay
67%
687 Malamar
67%
668           Pyroar
67%
663 Talonflame
67%
702 Dedenne
60%
706 Goodra
60%
701 Hawlucha
60%
695 Heliolisk
60%
667 Litleo
60%
714    Noibat
60%
697 Tyrantrum
60%
716 Xerneas
60%
717 Yveltal
60%
718 Zygarde
60%
689 Barbaracle
53%
688     Binacle
53%
654    Braixen
53%
672      Skiddo
53%
670 Floette
53%
676 Furfrou
53%
673 Gogoat
53%
679 Honedge
53%
720 Hoopa
53%
707 Klefki
53%
674     Pancham
53%
675 Pangoro
53%
682 Spritzee
53%
696 Tyrunt
53%
698 Amaura
47%
683 Aromatisse
47%
713 Avalugg
47%
703 Carbink
47%
692 Clauncher
47%
693 Clawitzer
47%
719     Diancie
47%
691 Dragalge
47%
704 Goomy
47%
715 Noivern
47%
690 Skrelp
47%
685    Slurpuff
47%
666 Vivillon
47%
721 Volcanion
47%
712 Bergmite
40%
677 Espurr
40%
671 Florges
40%
678 Meowstic
40%
708    Phantump
40%
664        Scatterbug
40%
684      Swirlix
40%
699 Aurorus
33%
680 Doublade
33%
711 Gourgeist
33%
710 Pumpkaboo
33%
681 Aegislash
27%
705      Sliggoo
27%
709 Trevenant
27%
665 Swewpa
13%
No matching quizzes found
Score Distribution
Percent of People with Each Score
Percentile by Number Answered
Your Score History
You have not taken this quiz